Statistics for Big Sean Charting Songs (Billboard Hot 100)

Click here to take the quiz!

General Stats

  • This quiz has been taken 42 times
    (16 since last reset)
  • The average score is 25 of 54

Answer Stats

AlbumWeeks OnPeakArtist(s)Song% Correct
Funk Wav Bounces Vol. 118 Weeks#20Calvin Harris ft. Pharrell Williams, Katy Perry & Big SeanFeels
83%
Stay Dangerous24 Weeks#16YG ft. 2 Chainz, Big Sean & Nicki MinajBig Bank
75%
Dark Sky Paradise20 Weeks#28Big Sean ft. DrakeBlessings
75%
Finally Famous24 Weeks#10Big Sean ft. Nicki MinajDance (A$$)
75%
Dark Sky Paradise29 Weeks#11Big Sean ft. E-40I Don't Fuck With You
75%
Nothing Was The Same20 Weeks#20Drake ft. 2 Chainz & Big SeanAll Me
67%
Hall of Fame20 Weeks#38Big Sean ft. Lil Wayne & Jhene AikoBeware
67%
Cruel Summer32 Weeks#13Kanye West, Big Sean, Pusha T & 2 ChainzMercy
67%
Finally Famous21 Weeks#30Big Sean ft. Chris BrownMy Last
67%
Dark Sky Paradise10 Weeks#82Big Sean ft. Kanye West & John LegendOne Man Can Change The World
67%
Dark Sky Paradise1 Week#80Big Sean ft. Kanye WestAll Your Fault
58%
Believe29 Weeks#6Justin Bieber ft. Big SeanAs Long As You Love Me
58%
I Decided28 Weeks#6Big SeanBounce Back
58%
Dark Sky Paradise14 Weeks#84Big Sean ft. Chris Brown & Ty Dolla $ignPlay No Games
58%
I Decided1 Week#70Big Sean ft. MigosSacrifices
58%
That's What They All Say4 Weeks#74Jack Harlow ft. Big SeanWay Out
58%
Detroit 22 Weeks#65Big Sean ft. Post MaloneWolves
58%
My Everything2 Weeks#49Ariana Grande ft. Big SeanBest Mistake
50%
Finally Famous20 Weeks#32Big Sean ft. Kanye West & Roscoe DashMarvin & Chardonnay
50%
I Decided19 Weeks#38Big SeanMoves
50%
I Decided3 Weeks#22Big Sean ft. EminemNo Favors
50%
Purpose4 Weeks#49Justin Bieber ft. Big SeanNo Pressure
50%
Yours Truly8 Weeks#84Ariana Grande ft. Big SeanRight There
50%
hopeless fountain kingdom14 Weeks#66Halsey ft. Big Sean & Stefflon DonAlone
42%
Don Life1 Week#89Big Sean ft. A$AP Ferg & Hit-BoyBezerk
42%
Cruel Winter3 Weeks#71Kanye West, Gucci Mane, Big Sean, 2 Chainz, Travi$ Scott, Yo Gotti, Quavo & DesiignerChampions
42%
Cruel Summer22 Weeks#12Kanye West, Jay-Z & Big SeanClique
42%
Double or Nothing1 Week#67Big Sean & Metro Boomin' ft. Travi$ ScottGo Legend
42%
I Decided1 Week#74Big SeanHalfway Off The Balcony
42%
Non-Album Single6 Weeks#88Queen Naija & Big SeanHate Our Love
42%
Major Key1 Week#84DJ Khaled ft. Big Sean, Kendrick Lamar & Betty WrightHoly Key
42%
Father of Asahd1 Week#57DJ Khaled ft. Chris Brown, Lil Wayne & Big SeanJealous
42%
I Decided1 Week#76Big SeanJump Out The Window
42%
I Decided1 Week#97Big Sean ft. JeremihLight
42%
Double or Nothing2 Weeks#80Big Sean & Metro Boomin' ft. 21 SavagePull Up N Wreck
42%
Culture II1 Week#64Migos ft. Travi$ Scott, Ty Dolla $ign & Big SeanWhite Sand
42%
...And See That's The Thing18 Weeks#47DeJ Loaf ft. Big SeanBack Up
33%
Detroit 21 Week#95Big Sean ft. Ty Dolla $ign & Jhene AikoBody Language
33%
Finally Famous1 Week#98Big Sean ft. Wiz Khalifa & Chiddy BangHigh
33%
I Changed A Lot15 Weeks#68DJ Khaled ft. Chris Brown, Lil Wayne & Big SeanHow Many Times
33%
I Am Not A Human Being II13 Weeks#38Lil Wayne ft. Big SeanMy Homies Still
33%
Chilombo3 Weeks#55Jhene Aiko ft. Big SeanNone Of Your Concern
33%
Grateful1 Week#88DJ Khaled ft. Travi$ Scott, Rick Ross & Big SeanOn Everything
33%
Dark Sky Paradise1 Week#99Big SeanParadise
33%
Mastermind1 Week#78Rick Ross ft. Kanye West & Big SeanSanctified
33%
Stay Trippy8 Weeks#75Juicy J ft. Big Sean & Young JeezyShow Out
33%
Don Life3 Weeks#64Big SeanSingle Again
33%
Detroit 21 Week#82Big Sean ft. Nipsey HussleDeep Reverence
25%
Hall of Fame12 Weeks#71Big SeanGuap
25%
Funeral2 Weeks#33Lil Wayne ft. Big Sean & Lil BabyI Do It
25%
Detroit 21 Week#69Big Sean ft. Travi$ ScottLithuania
25%
I Decided1 Week#86Big SeanOwe Me
25%
Bobby Tarantino II1 Week#83Logic ft. Big SeanWassup
25%
Detroit 21 Week#97Big SeanWhy Would I Stop?
17%

Score Distribution

Percentile by Number Answered

Percent of People with Each Score

Your Score History

You have not taken this quiz since the last reset